<?xml version="1.0" encoding="UTF-8"?>
<marc:record xmlns:marc="http://www.loc.gov/MARC21/slim">
   <marc:leader>00000nam a2200000 a 4500</marc:leader>
   <marc:datafield ind1="0" ind2="0" tag="245">
      <marc:subfield code="a">VKI: Das Magazin für Verbraucher:innen - Ausgabe 07/2025</marc:subfield>
   </marc:datafield>
   <marc:datafield ind1="0" ind2="0" tag="245">
      <marc:subfield code="b">Konsument</marc:subfield>
   </marc:datafield>
   <marc:datafield ind1=" " ind2="1" tag="264">
      <marc:subfield code="c">2025</marc:subfield>
   </marc:datafield>
   <marc:datafield ind1="1" ind2=" " tag="490">
      <marc:subfield code="a">Konsument</marc:subfield>
   </marc:datafield>
   <marc:datafield ind1="1" ind2=" " tag="520">
      <marc:subfield code="a">Im Test: Sonnencreme - Gut gerüstet fürs Sonnenbad? Wir haben geprüft, ob die Mittel den versprochenen Lichtschutzfaktor einhalten

TESTS:
- Antitranspirants für Männer
- Mittel bei Eisenmangel
- Kombi-Kinderwagen

REPORTS:
- Secondhand-Plattformen
- Radon-Messungen
- Sommer-Mythen
- Carsharing</marc:subfield>
   </marc:datafield>
   <marc:datafield ind1="3" ind2=" " tag="024">
      <marc:subfield code="a">9005322960088</marc:subfield>
   </marc:datafield>
</marc:record>
